[Event "Budapest FS02 GM"]
[Site "Budapest"]
[Date "1996.??.??"]
[Round "4"]
[White "Hoang Than Trang"]
[Black "Enders, Peter"]
[Result "0-1"]
[WhiteElo "2360"]
[BlackElo "2495"]

1.d4 Nf6 2.c4 c5 3.d5 e6 4.Nc3 exd5 5.cxd5 d6 6.Nf3 g6 7.h3 Bg7 8.Bg5 O-O
9.e3 Bd7 10.Qb3 Na6 11.Be2 Rb8 12.a4 Nb4 13.O-O Qe7 14.Nd2 h6 15.Bf4 Ne8
16.Na2 a5 17.Nxb4 axb4 18.Nc4 Rd8 19.Rfe1 Kh8 20.Bd3 Kh7 21.e4 b5 22.axb5 Bxb5
23.Re2 Nc7 24.Ra7 Bxc4 25.Bxc4 Ra8 26.Qa4 g5 27.Bg3 h5 28.Rxa8 Rxa8 29.Qc6 Ra1+
30.Kh2 Be5 31.Bxe5 Qxe5+ 32.g3 Ne8 33.Qc8 Kg7 34.Qf5 Qxf5 35.exf5 Kf8 36.f4 gxf4
37.gxf4 h4 38.Rd2 Nf6 39.Kg2 Kg7 40.Kf3 Rg1 41.Rg2+ Rxg2 42.Kxg2 Nd7 43.Kf3 Nb6
44.Bb3 c4 45.Bd1 b3 46.Be2 c3 47.bxc3 b2 48.Bd3 Nxd5  0-1

[Event "Cannes op"]
[Site "Cannes"]
[Date "1996.??.??"]
[Round "6"]
[White "Georgiev, Vladimir"]
[Black "Hamdouchi, Hichem"]
[Result "1/2-1/2"]
[WhiteElo "2435"]
[BlackElo "2535"]

1.d4 Nf6 2.c4 e6 3.Nf3 c5 4.d5 exd5 5.cxd5 d6 6.Nc3 g6 7.e4 Bg7 8.h3 O-O
9.Bd3 b5 10.Nxb5 Re8 11.O-O Nxe4 12.Bxe4 Rxe4 13.Ng5 Rb4 14.Qf3 Bf5 15.g4 Bf6
16.gxf5 Bxg5 17.fxg6 hxg6 18.Nxd6 Qxd6 19.Bxg5 Nd7 20.Rfe1 Rd4 21.Re7 Qxd5
22.Qxd5 Rxd5 23.Be3 g5 24.Rc1 Rb8 25.b3 Rb5 26.Re8+ Kg7 27.Rd8 Kf6 28.Kf1 Ke7
29.Rc8 Ra5 30.Rc2 Kd6 31.Ke2 f6 32.Rh8 Ne5 33.Rh6 Ke7 34.Rh7+ Ke6 35.h4 gxh4
36.Rxh4 Nc6 37.a4 Ne5 38.Rh7 Nf7 39.Rc4 Nd6 40.Rg4 Re5 41.Rgg7 c4 42.bxc4 Nxc4
43.Rxa7 Rxa7 44.Rxa7 Nxe3 45.fxe3 Re4 46.Kf3 f5 47.a5 Ra4 48.a6 Kf6 49.Ra8 Kg7
50.Kg3 Kh7 51.Kf3 Kg7 52.a7 Kh7 53.Ke2 Ra3 54.Kd2 Kg7 55.Kc2 Ra6 56.Kc3 Ra1
57.Kd4 Ra3 58.Kd5 Rd3+ 59.Kc4 Ra3 60.Kd4 Kh7 61.Rf8 Rxa7 62.Rxf5 Kg6 63.e4 Ra4+
64.Ke3 Ra1 65.Rf8 Kg7 66.Rf2 Ra3+ 67.Kd4 Ra4+ 68.Ke5 Ra5+ 69.Ke6 Ra6+ 70.Ke5 Ra5+
71.Kd6 Ra6+ 72.Kc5 Ra5+ 73.Kb6 Re5 74.Rf4 Kg6  1/2-1/2

[Event "Cappelle op"]
[Site "Cappelle la Grande "]
[Date "1996.??.??"]
[Round "3"]
[White "Sapis, Witalis"]
[Black "Yakovich, Yuri"]
[Result "1/2-1/2"]
[WhiteElo "2470"]
[BlackElo "2540"]

1.d4 Nf6 2.c4 e6 3.Nf3 c5 4.d5 d6 5.Nc3 exd5 6.cxd5 g6 7.e4 a6 8.a4 Bg4 9.Be2 Nbd7
10.Nd2 Bxe2 11.Qxe2 Bg7 12.Nc4 Nb6 13.Nxb6 Qxb6 14.e5 dxe5 15.Qxe5+ Kd7 16.O-O Rhe8
17.Qg3 Ke7 18.a5 Qd8 19.Qe3+ Kd6 20.Qg3+ Ke7 21.Qe3+ Kd6 22.Qg3+  1/2-1/2

[Event "ARG-ch sf"]
[Site "Chaco"]
[Date "1996.??.??"]
[Round "?"]
[White "Sorin, Ariel"]
[Black "Rosito, Jorge"]
[Result "0-1"]
[WhiteElo "2505"]
[BlackElo "2395"]

1.d4 Nf6 2.c4 e6 3.Nf3 c5 4.d5 d6 5.Nc3 exd5 6.cxd5 g6 7.e4 a6 8.a4 Bg4 9.Be2 Bxf3
10.Bxf3 Nbd7 11.g4 h6 12.h4 Bg7 13.Be2 Qe7 14.Qc2 Rc8 15.a5 c4 16.Ra4 Ne5
17.g5 Nfd7 18.f4 Nd3+ 19.Bxd3 cxd3 20.Qxd3 Nc5 21.Qh3 Qc7 22.Ra3 hxg5 23.Qf3 Rxh4
24.Rxh4 gxh4 25.Kf1 Qe7 26.Be3 Nd3 27.Qh3 Rc4 28.Ra4 Qc7 29.Rxc4 Qxc4 30.Ne2 Qc2
31.Ng1 Bd4 32.Qf3 Bxe3 33.Qxe3 Qd1+ 34.Kg2 Qg4+ 35.Kh2 Qxf4+ 36.Qxf4 Nxf4
37.Nf3 Nd3 38.b3 Nc5 39.e5 dxe5 40.Nxe5 Nxb3 41.Nc4 Kd7 42.Kh3 g5 43.Ne5+ Kd6  0-1

[Event "Espoo We ESK op"]
[Site "Espoo"]
[Date "1996.??.??"]
[Round "6"]
[White "Norri, Joose"]
[Black "Kokkila, Tero"]
[Result "1/2-1/2"]
[WhiteElo "2365"]
[BlackElo "2210"]

1.d4 Nf6 2.c4 e6 3.Nf3 c5 4.d5 exd5 5.cxd5 d6 6.Nc3 g6 7.e4 Bg7 8.Bd3 O-O
9.h3 Re8 10.O-O c4 11.Bc2 Na6 12.Re1 Nb4 13.Bb1 Nd7 14.a3 Na6 15.Bc2 Rb8
16.Bf4 Ne5 17.Nxe5 Bxe5 18.Bxe5 Rxe5 19.f4 Rh5 20.Qd4 Qh4 21.Qf2 Bd7 22.e5 Nc5
23.exd6 Qxf2+ 24.Kxf2 Bf5 25.Bxf5 Rxf5 26.Kg3 Rd8 27.Re7 Rxd6 28.Rc7 b6 29.Rxa7 g5
30.Re1  1/2-1/2

[Event "GER-chT Seniors"]
[Site "Freudenstadt"]
[Date "1996.??.??"]
[Round "7"]
[White "Starck, Bodo"]
[Black "Lieb, Harald"]
[Result "1-0"]
[WhiteElo "2290"]
[BlackElo "2250"]

1.d4 Nf6 2.c4 e6 3.Nc3 c5 4.d5 exd5 5.cxd5 d6 6.Nf3 g6 7.e4 Bg7 8.Bg5 h6
9.Bh4 O-O 10.Nd2 Re8 11.Be2 a6 12.a4 Nbd7 13.O-O Qc7 14.Qc2 Rb8 15.f4 c4
16.Nxc4 Nc5 17.Bf3 b5 18.axb5 axb5 19.Nxd6 Qxd6 20.e5 Qb6 21.Bf2 Bf5 22.Qd1 Qc7
23.d6 Qc8 24.exf6 Bxf6 25.Nd5 Bxb2 26.Ne7+ Rxe7 27.dxe7 Nd3 28.Ba7 Ra8 29.Bxa8 Qxa8
30.Qe2 Be4 31.Ra2 f5 32.e8=Q+ Qxe8 33.Rxb2 Nxb2 34.Qxb2 Bd3 35.Rd1 Bc4 36.Qe5  1-0

[Event "Troll Masters"]
[Site "Gausdal"]
[Date "1996.??.??"]
[Round "7"]
[White "Bellin, Jana"]
[Black "Emms, John M"]
[Result "1/2-1/2"]
[WhiteElo "2195"]
[BlackElo "2500"]

1.d4 Nf6 2.c4 e6 3.Nf3 c5 4.d5 d6 5.Nc3 exd5 6.cxd5 g6 7.e4 a6 8.a4 Bg4 9.Be2 Bxf3
10.Bxf3 Nbd7 11.Bf4 Qe7 12.O-O Bg7 13.Re1 O-O 14.Qd2 Rfe8 15.Rad1 Rac8 16.b3 h5
17.Bh6 Bh8 18.Be2 Ng4 19.Bxg4 hxg4 20.Bf4 Be5 21.Nb1 c4 22.Bxe5 Nxe5 23.Re3 Qh4
24.b4 Kg7 25.Qc3 Rh8 26.h3 gxh3 27.gxh3 Rh5 28.Nd2 Rch8 29.Kf1 Rg5 30.b5 axb5
31.axb5 Ra8 32.Ra1 Rxa1+ 33.Qxa1 Kh7 34.Qd4 Qf4 35.Nxc4 Nf3 36.Rxf3 Qxf3
37.Nxd6 Qxh3+ 38.Ke2 Rg1 39.Qf6 Qf1+ 40.Ke3 Rg3+ 41.f3 Qg1+ 42.Kd3 Qd1+ 43.Ke3 Qc1+
44.Kd3 Qd1+  1/2-1/2

[Event "BEL-ch"]
[Site "Geel"]
[Date "1996.??.??"]
[Round "2"]
[White "Vandevoort, Pascal"]
[Black "Vanderwaeren, Serge"]
[Result "1-0"]
[WhiteElo "2275"]
[BlackElo "2315"]

1.d4 Nf6 2.c4 e6 3.Nf3 c5 4.d5 exd5 5.cxd5 d6 6.Nc3 g6 7.e4 Bg7 8.h3 O-O
9.Bd3 a6 10.a4 Nbd7 11.O-O Qe7 12.Re1 Ne8 13.Bg5 f6 14.Bf4 Rb8 15.Qd2 Ne5
16.Nxe5 fxe5 17.Be3 Nf6 18.Reb1 Nh5 19.b4 Nf4 20.Bf1 c4 21.Kh2 b6 22.Bxc4 Qh4
23.Bf1 Nxh3 24.gxh3 Rf3 25.Bg2 Bxh3 26.Rh1 Rbf8 27.Kg1 Qg4 28.Rxh3 Rxh3 29.Qe2 Rhf3
30.Kf1 h5 31.Bxf3 Rxf3 32.Rc1 h4 33.Ke1 Qg2 34.Qf1 Qh2 35.Ne2 Rf8 36.Qg1  1-0

[Event "Geneve op"]
[Site "Geneve"]
[Date "1996.??.??"]
[Round "6"]
[White "Cebalo, Miso"]
[Black "Chabanon, Jean Luc"]
[Result "0-1"]
[WhiteElo "2495"]
[BlackElo "2425"]

1.Nf3 Nf6 2.c4 e6 3.d4 c5 4.d5 exd5 5.cxd5 d6 6.Nc3 g6 7.h3 Bg7 8.e4 O-O
9.Bd3 b5 10.Nxb5 Re8 11.O-O Nxe4 12.Re1 a6 13.Na3 Nf6 14.Rxe8+ Nxe8 15.Bg5 Qc7
16.Qa4 Nf6 17.Re1 Bb7 18.Bxf6 Bxf6 19.Qf4 Nd7 20.Be4 c4 21.Rc1 Bxb2 22.Rxc4 Nc5
23.Nc2 Re8 24.Nb4 Qe7 25.Bc2 a5 26.Nc6 Bxc6 27.dxc6 d5 28.Ra4 Nxa4 29.Qxa4 Qc5
30.Bd3 Rc8 31.Bb5 Rb8 32.Bd3 Rb4 33.Qc2 Qxc2 34.Bxc2 Rc4 35.Bb3 Rc1+ 36.Kh2 Rxc6
37.Bxd5 Rc5 38.Bb3 Be5+ 39.g3 Bc7 40.Kg2 Bb6 41.Ne1 Kg7 42.Kf1 Rc1 43.Ke2 g5
44.g4 h6 45.Bd5 a4 46.Nd3 Rc2+ 47.Kd1 Rc7 48.Ke2 Kf6 49.Kd2 Bxf2 50.Nxf2 Rd7
51.Ne4+ Ke5 52.Nc3 Rxd5+ 53.Nxd5 Kxd5 54.Kc3 Ke5 55.Kb4 f5 56.gxf5 h5  0-1

[Event "Geneve op"]
[Site "Geneve"]
[Date "1996.??.??"]
[Round "7"]
[White "Bennett, John"]
[Black "Frank, Albert"]
[Result "1/2-1/2"]
[WhiteElo "2190"]
[BlackElo "2065"]

1.d4 Nf6 2.c4 e6 3.Nf3 c5 4.d5 exd5 5.cxd5 d6 6.Nc3 g6 7.e4 Bg7 8.Bg5 a6
9.Nd2 b5 10.Be2 O-O 11.Qc2 Nbd7 12.a4 b4 13.Nd1 a5 14.Ne3 Nb6 15.O-O Qc7
16.Nec4 Nxc4 17.Nxc4 Re8 18.Bd3 Ba6 19.Rae1 Nd7 20.f4 Nb6 21.b3 Bc3 22.Re2 Nxc4
23.bxc4 f6 24.Bh6 Rab8 25.Kh1 Bd4 26.e5 dxe5 27.fxe5 Bxe5 28.Bxg6 Bxc4 29.Qxc4 hxg6
30.d6+ Qf7 31.Qxc5 b3 32.Ree1 b2 33.Qxa5 Rbd8 34.Qb5 Rxd6 35.Bf4 Rde6 36.Bxe5 Rxe5
37.Rxe5 Rxe5 38.Qxb2 Qe7 39.Qb3+ Kg7 40.h3 Re3 41.Qb8 Qe4 42.Qc7+ Kh6 43.Qf4+ Qxf4
44.Rxf4 Kg5 45.Rb4 Ra3 46.Kh2 f5 47.h4+ Kh5 48.g3 g5 49.hxg5 Kxg5 50.Rf4 Ra2+
51.Kh3  1/2-1/2

[Event "BL2-N9596"]
[Site "Germany"]
[Date "1996.??.??"]
[Round "?"]
[White "Vogel, Robert"]
[Black "Paulsen, Dirk"]
[Result "0-1"]
[WhiteElo "2305"]
[BlackElo "2325"]

1.d4 Nf6 2.c4 c5 3.d5 e6 4.Nc3 exd5 5.cxd5 d6 6.Nf3 g6 7.Bg5 Bg7 8.e3 O-O
9.Nd2 Na6 10.Be2 Nc7 11.e4 b5 12.Nxb5 Nxb5 13.Bxb5 Rb8 14.a4 a6 15.Bd3 Rxb2
16.O-O Rb4 17.Nc4 Re8 18.f3 a5 19.Bd2 Nh5 20.Bxb4 Bd4+ 21.Rf2 axb4 22.Ra2 Ba6
23.a5 f5 24.g3 fxe4 25.fxe4 Nf6 26.Qf3 Bxc4 27.Bxc4 Nxe4 28.Qf7+ Kh8 29.Kg2 Nxf2
30.a6 Qc8 31.Rxf2 Bxf2 32.Qxf2 Qf5 33.Qb2+ Kg8 34.Qa2 Qe4+ 35.Kh3 Re5  0-1

[Event "BL2-S9697"]
[Site "Germany"]
[Date "1996.??.??"]
[Round "?.4"]
[White "Hasecic, Sabahudin"]
[Black "Von Naso, Lancelot"]
[Result "1/2-1/2"]
[WhiteElo "2305"]
[BlackElo "2120"]

1.d4 Nf6 2.Nf3 c5 3.d5 e6 4.c4 exd5 5.cxd5 d6 6.Nc3 g6 7.Bf4 a6 8.a4 Bg7
9.e4 Bg4 10.Be2 Qe7 11.Nd2 Bxe2 12.Qxe2 Nh5 13.Be3 Nd7 14.O-O O-O 15.f4 f5
16.exf5 Rae8 17.Rae1 Qxe3+ 18.Qxe3 Rxe3 19.Rxe3 Bd4 20.Nc4 Re8 21.Rf3 Nxf4
22.Rxf4 Rxe3 23.Rxd4 cxd4 24.Nxe3 gxf5 25.Nxf5 dxc3 26.bxc3 Nb6 27.Nxd6 Nxd5
28.c4 Nc3 29.a5 Kf8 30.Nxb7 Ke7 31.Nc5 Nb1 32.Nxa6 Nd2 33.Nb4 Nxc4 34.a6 Kd6
35.a7 Nb6 36.g4 Kc5 37.Na6+ Kc6 38.h4 Kb7 39.g5 Nd7 40.Nc7 Kxa7 41.Ne8 Kb6
42.Nf6 Nf8 43.h5 Kc6 44.h6 Kd6 45.Nxh7 Ng6 46.Kf2 Ke5 47.Ke3 Kf5 48.Kd4 Nh8  1/2-1/2

[Event "BL2-O9596"]
[Site "Germany"]
[Date "1996.??.??"]
[Round "?"]
[White "Grabarczyk, Miroslaw"]
[Black "Womacka, Mathias"]
[Result "1/2-1/2"]
[WhiteElo "2505"]
[BlackElo "2475"]

1.d4 Nf6 2.c4 e6 3.Nf3 c5 4.d5 exd5 5.cxd5 d6 6.Nc3 g6 7.h3 Bg7 8.e4 O-O
9.Bd3 b5 10.Bxb5 Nxe4 11.Nxe4 Qa5+ 12.Nfd2 Qxb5 13.Nxd6 Qd3 14.N2c4 Qxd1+
15.Kxd1 Ba6 16.Be3 Nd7 17.Kc2 Ne5 18.Nxe5 Bxe5 19.Ne4 Bb7 20.Rhd1 Rfd8 21.Nc3 Bxc3
22.Kxc3 Rxd5 23.Rxd5 Bxd5 24.f3 a5 25.Bxc5 a4 26.Kb4 g5 27.Ka3 Kg7 28.Rd1 Be6
29.Rd4 h5 30.h4 gxh4 31.Rxh4 Kg6 32.Rf4 Rc8 33.Be7 Rc4 34.Rxc4 Bxc4 35.Kxa4 Bxa2
36.b4 Kf5 37.b5 Ke6 38.Bh4 Bc4 39.b6 Kd7 40.Kb4 Bf1 41.g3 Bg2 42.f4 f5 43.Kc5 Bb7
44.Kd4 Ke6 45.Kc5  1/2-1/2

[Event "Landesliga S9596 Bayern"]
[Site "Germany"]
[Date "1996.??.??"]
[Round "?"]
[White "Hornung, Hans"]
[Black "Eichler, Christoph"]
[Result "0-1"]
[WhiteElo "2220"]
[BlackElo "2080"]

1.d4 Nf6 2.Nf3 c5 3.d5 e6 4.c4 exd5 5.cxd5 d6 6.Nc3 g6 7.h3 Bg7 8.e4 O-O
9.Bd3 b5 10.Nxb5 Re8 11.O-O Nxe4 12.Re1 a6 13.Na3 Nf6 14.Rxe8+ Nxe8 15.Bg5 Nf6
16.Nc4 Bb7 17.Bf1 Qc7 18.Bf4 Bf8 19.Qb3 Nbd7 20.Bxd6 Bxd6 21.Nxd6 Bxd5 22.Nc4 Rb8
23.Qe3 Re8 24.Qa3 Qc6 25.Nfd2 Qe6 26.Ne3 Bb7 27.Bc4 Qc6 28.Nf3 Ne5 29.Nxe5 Rxe5
30.Bf1 Rg5 31.Rd1 Nd5 32.Nxd5 Rxd5 33.Rc1 Rg5 34.f3 Qxf3 35.Qxf3 Bxf3 36.h4 Rg4
37.Rxc5 Bb7 38.Rc7 Bd5 39.b3 Rxh4 40.Bxa6 Rg4 41.Bf1 h5 42.Rd7 Be6 43.Rd2 Kg7
44.Rb2 Rb4 45.Kf2 Kf6 46.Ke3 Ke5 47.Be2 h4 48.Bd1 f5 49.a3 Rd4 50.Be2 f4+
51.Kf2 g5 52.b4 g4 53.b5 g3+ 54.Ke1 Bd5 55.b6 Bxg2 56.b7 Bxb7 57.Rxb7 h3
58.Rb5+ Ke4 59.Rb4 Rxb4 60.axb4 h2  0-1

[Event "BL2-O9596"]
[Site "Germany"]
[Date "1996.??.??"]
[Round "?"]
[White "Spiess, Gunter"]
[Black "Womacka, Mathias"]
[Result "1/2-1/2"]
[WhiteElo "2415"]
[BlackElo "2475"]

1.d4 Nf6 2.c4 e6 3.Nf3 c5 4.d5 exd5 5.cxd5 d6 6.Nc3 g6 7.e4 Bg7 8.Bg5 h6
9.Bh4 a6 10.Nd2 b5 11.Be2 O-O 12.O-O Re8 13.Qc2 Qc7 14.Rae1 g5 15.Bg3 Nbd7
16.a4 b4 17.Nd1 b3 18.Qb1 Ne5 19.f4  1/2-1/2

[Event "Goetzis op"]
[Site "Goetzis"]
[Date "1996.??.??"]
[Round "7"]
[White "Bezler, Rainer"]
[Black "Kranebitter, Gerhard"]
[Result "1-0"]
[WhiteElo "2250"]
[BlackElo "1840"]

1.d4 Nf6 2.c4 e6 3.Nc3 c5 4.d5 exd5 5.cxd5 d6 6.Nf3 g6 7.Nd2 Bg7 8.Nc4 O-O
9.Bf4 Ne8 10.e3 a6 11.a4 b6 12.Qb3 Nd7 13.Nxd6 Nxd6 14.Bxd6 Re8 15.Bg3 h5
16.h3 Bh6 17.Be2 h4 18.Bh2 Ne5 19.O-O c4 20.Qc2 Bf5 21.e4 Bd7 22.f4 Nd3 23.Bxd3 cxd3
24.Qxd3 Qc7 25.Kh1 Qc5 26.Rad1 b5 27.axb5 axb5 28.d6 Red8 29.Bg1 Qc4 30.Nd5 Qxd3
31.Rxd3 Ra4 32.Bb6 Raa8 33.Bxd8 Rxd8 34.Nf6+ Kf8 35.Nxd7+ Rxd7 36.e5 Ke8
37.g3 Ra7 38.g4 Kd7 39.g5 Bg7 40.Rc1 Ke6 41.Rc7 Ra1+ 42.Kg2 Bf8 43.d7  1-0

[Event "Graz op"]
[Site "Graz"]
[Date "1996.??.??"]
[Round "?"]
[White "Farago, Ivan"]
[Black "Chudinovskih, Alexander"]
[Result "0-1"]
[WhiteElo "2525"]
[BlackElo "2290"]

1.d4 Nf6 2.c4 e6 3.Nf3 c5 4.d5 exd5 5.cxd5 d6 6.Nc3 g6 7.Nd2 Nbd7 8.e4 Bg7
9.Be2 O-O 10.O-O Re8 11.a4 Ne5 12.Qc2 Rb8 13.f4 Neg4 14.Nf3 Nh5 15.Bb5 Re7
16.h3 f5 17.hxg4 fxg4 18.f5 gxf3 19.Rxf3 Bd4+ 20.Be3 gxf5 21.Qd3 Bxe3+ 22.Rxe3 f4
23.Rf3 Bg4 24.Rf2 Re5 25.Raf1 Qg5 26.Qd2 Rf8 27.Bd3 a6 28.b3 Kg7 29.Bc2 Ng3
30.Bd1 Nxf1 31.Kxf1 Qh4 32.Bf3 Bxf3 33.gxf3 Qh1+ 34.Ke2 Rg5 35.Kd3 Rg3 36.Qe2 Qh5
37.e5 dxe5 38.Kc4 Qf5 39.Ne4 Rg6 40.Qd3 b5+ 41.axb5 axb5+ 42.Kxc5 b4 43.d6 Rb8
44.Qd5 Qc8+ 45.Qc6 Qd8 46.Ra2 Rc8 47.Ra7+ Kg8 48.Rc7 Rxd6 49.Rxc8 Rxc6+ 50.Rxc6 Qd4+
51.Kb5 Qd3+ 52.Kxb4 Qxf3 53.Rc8+ Kg7 54.Rc7+ Kg6 55.Nc5 Qd5 56.Rd7 Qc6 57.Kc4 f3
58.Rd2 e4 59.b4 e3 60.Rd3 f2  0-1

[Event "Haarlem op"]
[Site "Haarlem"]
[Date "1996.??.??"]
[Round "6"]
[White "Lacrosse, Marc"]
[Black "De Vilder, Hans"]
[Result "1/2-1/2"]
[WhiteElo "2220"]
[BlackElo "2140"]

1.d4 Nf6 2.c4 c5 3.d5 e6 4.Nc3 exd5 5.cxd5 d6 6.Nf3 g6 7.g3 Bg7 8.Bg2 O-O
9.O-O a6 10.a4 Nbd7 11.Nd2 Re8 12.h3 Rb8 13.Nc4 Nb6 14.Na3 Bd7 15.e4 Nc8
16.Qd3 Qc7 17.Be3 c4 18.Nxc4 b5 19.Nd2 bxa4 20.Qxa6 Rxb2 21.Rfc1 Qb8 22.Nxa4 Bb5
23.Qa5 Bxa4 24.Rxa4 Nb6 25.Rb4 Rxb4 26.Qxb4 Nfd7 27.Rb1 Rc8 28.Bxb6 Bc3 29.Qb5 Nxb6
30.Qxb6 Qxb6 31.Rxb6 Bxd2 32.Rxd6 Rc1+ 33.Kh2 Be1 34.Rf6 Kg7 35.Rc6 Rxc6
36.dxc6 Ba5 37.f4 f6 38.Bf1 h6 39.Kg2 g5 40.Kf3 Bc7 41.Bd3 Bb8 42.Kg4 gxf4
43.gxf4 Bc7 44.Kf5 Kf7 45.Be2 Bb8 46.h4 Bc7 47.Bc4+ Ke7 48.h5 Bb8 49.Bd5 Bc7
50.e5 fxe5 51.fxe5 Bb8 52.Kg6 Bxe5 53.Kxh6 Kf6 54.Kh7 Kf5 55.Bf3 Bc7  1/2-1/2

[Event "Hlohovec op"]
[Site "Hlohovec"]
[Date "1996.??.??"]
[Round "5"]
[White "Hanko, Pavel"]
[Black "Berelovich, Aleksandar"]
[Result "1/2-1/2"]
[WhiteElo "2225"]
[BlackElo "2505"]

1.d4 Nf6 2.Nf3 e6 3.c4 c5 4.d5 exd5 5.cxd5 d6 6.Nc3 g6 7.e4 Bg7 8.Be2 O-O
9.Bg5 Bg4 10.Nd2 Bxe2 11.Qxe2 Nbd7 12.O-O Re8 13.Rae1 a6 14.a4 Qc7 15.f4 c4
16.Nxc4 Rac8 17.e5 Qxc4 18.Qxc4 Rxc4 19.exf6 Nxf6 20.Rxe8+ Nxe8 21.Re1 Bd4+
22.Kf1 Nf6 23.Ne4 Nxd5 24.Nxd6 Rc2 25.Re8+ Kg7 26.Rd8 Ne3+ 27.Ke1 Nxg2+ 28.Kd1 Ne3+
29.Ke1 Ng2+ 30.Kd1 Ne3+ 31.Ke1 h6 32.Ne8+ Kh7 33.Rxd4 hxg5 34.fxg5 Ng2+ 35.Kd1 Ne3+
36.Ke1 Ng2+ 37.Kf1 Ne3+  1/2-1/2

[Event "NLD-chT9697"]
[Site "Holland"]
[Date "1996.??.??"]
[Round "?"]
[White "Verholt, Gerard"]
[Black "Lemmers, Oscar"]
[Result "1/2-1/2"]
[WhiteElo "2090"]
[BlackElo "2360"]

1.d4 Nf6 2.c4 c5 3.d5 e6 4.Nc3 exd5 5.cxd5 d6 6.Nf3 g6 7.Bf4 a6 8.a4 Bg7
9.h3 O-O 10.e3 Qe7 11.Be2 Bf5 12.Nd2 Rd8 13.O-O Ne8 14.Qb3 Bc8 15.Nc4 Nd7
16.Rfe1 Ne5 17.Bxe5 Bxe5 18.f4 Bg7 19.Bf3 Rb8 20.a5 Bd7 21.Rad1 Nc7 22.Ne4 Bb5
23.Nb6 Na8 24.Nxa8 Rxa8 25.Nc3 Qc7 26.Ra1 Bd7 27.Na4 Bb5 28.Nc3 Bd7 29.Na4 Rab8
30.Nb6 Bb5 31.Be2 Bxe2 32.Rxe2 Re8 33.Kh2 Re4 34.Ra4 Rbe8 35.Rxe4 Rxe4 36.Nc4 Qd7
37.Qd3 f5 38.b3 Qb5 39.g4 Qd7 40.gxf5 gxf5 41.Rg2 Re8 42.Nb6 Qf7 43.Rg5 Rf8
44.Nc4 Qf6 45.Qc2 Rf7 46.Rg3 Kf8 47.Qg2 Ke7 48.Qe2 Kd7 49.Qh5 Bf8 50.Rg8 Kc7
51.Nb6 Qb2+ 52.Rg2 Qf6 53.Rg8 Qb2+ 54.Rg2 Qf6 55.Rg8  1/2-1/2

[Event "HUN-chT1 9596"]
[Site "HUN"]
[Date "1996.??.??"]
[Round "11"]
[White "Chernin, Alexander"]
[Black "Bilek, Istvan"]
[Result "1-0"]
[WhiteElo "2600"]
[BlackElo "2395"]

1.d4 Nf6 2.c4 e6 3.Nf3 c5 4.d5 exd5 5.cxd5 d6 6.Nc3 a6 7.a4 g6 8.h3 Qe7 9.Bg5 Bg7
10.Nd2 h6 11.Bf4 Nbd7 12.Nc4 Ne5 13.Bxe5 dxe5 14.e4 O-O 15.a5 Bd7 16.Qb3 Bb5
17.Nb6 Bxf1 18.Rxf1 Rad8 19.Nc4 Ne8 20.Qb6 Kh7 21.O-O-O Nd6 22.Nxd6 Rxd6
23.Qxc5 Rb8 24.Na4 Bf8 25.Kb1 b6 26.axb6 Qe8 27.Qa5 Be7 28.Rd3 f5 29.f3 Rf6
30.Rc1 Bd6 31.Rc6 fxe4 32.fxe4 Qe7 33.Ka2 Bb4 34.Rc7  1-0

[Event "HUN-chT1 9596"]
[Site "HUN"]
[Date "1996.??.??"]
[Round "12"]
[White "Sarosi, Zoltan"]
[Black "Szalanczy, Emil"]
[Result "1/2-1/2"]
[WhiteElo "2325"]
[BlackElo "2420"]

1.d4 c5 2.d5 Nf6 3.c4 e6 4.Nc3 exd5 5.cxd5 d6 6.Nf3 g6 7.Nd2 Nbd7 8.e4 Bg7
9.Be2 O-O 10.O-O Re8 11.a4 Ne5 12.Ra3 Qe7 13.Qc2 Bd7 14.b3 Rad8 15.Bb2 Bc8
16.Raa1 Rf8 17.Rae1 g5 18.Nc4 Nxc4 19.bxc4 Rde8 20.Bd3 Ng4 21.Re2 Bd4 22.Nd1 Qe5
23.g3 b6 24.Kg2 Bxb2 25.Nxb2 Qg7 26.f3 Ne5 27.f4 gxf4 28.Rxf4 Ng6 29.Rff2 Re5
30.Kh1 Rh5 31.Qd2 Ne5 32.Re1 Kh8 33.Be2 Rh6 34.Nd1 Rg8 35.Rg1 Bg4 36.Ne3 Qg5
37.Bxg4 Nxg4 38.Nxg4 Qxd2 39.Rxd2 Rxg4 40.Re1 f6 41.Kg2 Rh5 42.Kf3 Rg7 43.Ra1 Rb7
44.h4 Re5 45.g4 Kg7 46.Rb2 Rbe7 47.Re2  1/2-1/2

[Event "HUN-chT1 9596"]
[Site "HUN"]
[Date "1996.??.??"]
[Round "13"]
[White "Peter, Ambrus"]
[Black "Kubacsny, Laszlo"]
[Result "1/2-1/2"]
[WhiteElo "2335"]
[BlackElo "2335"]

1.d4 Nf6 2.c4 c5 3.d5 e6 4.Nc3 exd5 5.cxd5 d6 6.Nf3 g6 7.Nd2 Bg7 8.e4 O-O
9.Be2 Na6 10.O-O Bd7 11.a4 Nb4 12.Nc4 Ne8 13.Bf4 f5 14.Nxd6 fxe4 15.Nxe8 Rxe8
16.Qd2 Qf6 17.Rad1 Nd3 18.Be3 c4 19.f3 exf3 20.Rxf3 Qe5 21.Bxd3 cxd3 22.Bf4 Qd4+
23.Kh1 Bf5 24.h3 Qc4 25.d6 Bxc3 26.Qxc3 Qxc3 27.bxc3 Re2 28.Bg5 h6 29.Bxh6 Rd8
30.Bf4 Rd7 31.Kg1 Be4 32.Rf2 Rf7 33.Bg3 Rfxf2 34.Bxf2 Kf7 35.Kf1 Ke6 36.Re1 Rxe1+
37.Kxe1 Kxd6 38.Bxa7 Bxg2 39.Kd2 Bf1 40.a5 Kd5 41.h4 Kc4 42.Bb6 Bh3 43.Bd8  1/2-1/2

[Event "HUN-chT1 9697"]
[Site "Hungary"]
[Date "1996.??.??"]
[Round "1"]
[White "Csiszar, Csaba"]
[Black "Orso, Miklos"]
[Result "1/2-1/2"]
[WhiteElo "2375"]
[BlackElo "2410"]

1.d4 Nf6 2.c4 e6 3.Nf3 c5 4.d5 exd5 5.cxd5 d6 6.Nc3 g6 7.h3 Bg7 8.e4 O-O
9.Bd3 b6 10.O-O Ba6 11.Re1 c4 12.Bc2 b5 13.a3 Nbd7 14.Nd4 Qb6 15.Be3 Nc5
16.Rb1 Nfd7 17.f4 Rfe8 18.Qd2 Rac8 19.Kh1 b4 20.axb4 Qxb4 21.Nc6 Qb7 22.Bf2 Bh6
23.Be3 Bg7 24.Bg1 Bh6 25.Qf2 Qa8 26.Qh4 Bf8 27.Ra1 Qb7 28.Ra2 Ra8 29.Rea1 Qc8
30.Bd4 Bb7 31.Nxa7 Qc7 32.Nab5 Qb6 33.Rxa8 Rxa8 34.Rxa8 Bxa8 35.e5 dxe5 36.fxe5 Bxd5
37.Nxd5 Qxb5 38.Ne3 Ne6 39.Bc3 Nxe5 40.Qe4 Bg7 41.Qa8+ Nf8 42.Nd5 Qc5 43.Be4 h5
44.Qe8 Qf2 45.Bxe5 Qe1+ 46.Kh2 Qxe4 47.Bxg7 Qxe8 48.Nf6+ Kxg7 49.Nxe8+ Kg8
50.Nd6 c3 51.bxc3 Ne6 52.Kg3 Kf8 53.Kf3 Ke7 54.Nc4 Nc5 55.Ke3 Ke6 56.Nd2 Kd5
57.c4+ Ke5 58.Nf3+ Kd6 59.Ng5 f5 60.Nf3 Ne6 61.h4 Nc5 62.Ne1 Nb3 63.Nd3 Na5
64.Kd4 Nc6+ 65.Kc3 Ne7 66.Kb4 Kc6 67.Nf4 Kd6 68.Nd3 Kc6 69.Kc3 Kd6 70.g3 Nc6
71.Nf4 Ne5 72.Kb4 Kc6 73.c5 Kc7 74.Kb5 Kd7 75.Kb6 Nc4+ 76.Kb7 Na5+ 77.Ka6 Nb3
78.Kb5 Nd4+ 79.Kc4 Nf3 80.Nxg6 Nd2+ 81.Kd5 Ne4 82.Nf4 Nxg3 83.c6+ Kc8 84.Kc5 Kc7
85.Nd5+ Kd8 86.Kb6 Ne4 87.c7+ Kd7 88.Nf4 Nd6 89.Nxh5 Nc4+ 90.Kc5 Ne5 91.Kd5 Ng6  1/2-1/2

[Event "HUN-chT1 9697"]
[Site "Hungary"]
[Date "1996.??.??"]
[Round "5"]
[White "Peter, Ambrus"]
[Black "Bernei, Andras"]
[Result "1-0"]
[WhiteElo "2415"]
[BlackElo "2295"]

1.d4 Nf6 2.c4 e6 3.Nf3 c5 4.d5 exd5 5.cxd5 d6 6.Nc3 g6 7.Nd2 Nbd7 8.e4 Bg7
9.Be2 O-O 10.O-O Re8 11.a4 a6 12.Ra3 Rb8 13.a5 Qc7 14.h3 b5 15.axb6 Rxb6
16.Qc2 Bb7 17.Nc4 Rb4 18.Bf4 Bf8 19.Bg5 Bg7 20.Bf4 Bf8 21.Bd2 Bg7 22.Re1 Qb8
23.b3 Ne5 24.Nxe5 Rxe5 25.Bxa6 Bxa6 26.Rxa6 Rxb3 27.Bf4 Re8 28.Bxd6 Qb4 29.Re3 Qc4
30.Rc6 Nd7 31.e5 Bxe5 32.Rc7 Rxc3 33.Rxc3 Bxc3 34.Rxd7 Qd4 35.Be7 c4 36.d6 Qd3
37.Qa4 Qb1+ 38.Kh2 Be5+ 39.g3 Qf1 40.Qa7 h5 41.Rc7 g5 42.Qe3 Kh7 43.Qf3 Qxh3+
44.Kxh3 g4+ 45.Kh2 gxf3 46.Rxc4  1-0

[Event "ISR-chT"]
[Site "Israel"]
[Date "1996.??.??"]
[Round "1"]
[White "Avrukh, Boris"]
[Black "Diker, Michael"]
[Result "1-0"]
[WhiteElo "2495"]
[BlackElo "2290"]

1.d4 Nf6 2.c4 e6 3.Nf3 c5 4.d5 exd5 5.cxd5 d6 6.Nc3 g6 7.h3 a6 8.a4 Bg7 9.e4 O-O
10.Bd3 Qc7 11.O-O Nbd7 12.Re1 Rb8 13.Bf4 Ne5 14.Bf1 Nxf3+ 15.Qxf3 Nd7 16.Qg3 Ne5
17.Rad1 Bd7 18.Bc1 b5 19.f4 Nc4 20.e5 Bf5 21.axb5 axb5 22.b3 b4 23.Bxc4 bxc3
24.Qxc3 Rbd8 25.g4 Bc8 26.Qg3 Bb7 27.Bb2 Qb8 28.Bc3 Rfe8 29.Bb5 Re7 30.Qh4 Qc7
31.Bc4 Ree8 32.Qg3 Qb8 33.h4 Qa8 34.e6 fxe6 35.Bxg7 Kxg7 36.Qc3+ Kg8 37.Rxe6 Rxe6
38.dxe6 d5 39.Qf6 Rf8 40.Qe5 dxc4 41.Rd7  1-0

[Event "Kassel op"]
[Site "Kassel"]
[Date "1996.??.??"]
[Round "5"]
[White "Huss, Rolf"]
[Black "Kersten, Uwe"]
[Result "1/2-1/2"]
[WhiteElo "2255"]
[BlackElo "2285"]

1.d4 Nf6 2.c4 e6 3.Nf3 c5 4.d5 d6 5.Nc3 exd5 6.cxd5 g6 7.e4 Bg7 8.h3 O-O
9.Bd3 b5 10.Bxb5 Nxe4 11.Nxe4 Qa5+ 12.Nfd2 Qxb5 13.Nxd6 Qa6 14.N2c4 Nd7 15.Qe2 Nf6
16.Nxc8 Raxc8 17.Ne3 Qb7 18.O-O Rfd8 19.Rd1 Nxd5 20.Qf3 Bd4 21.Nxd5 Rxd5
22.Be3 Rcd8 23.Bxd4 cxd4 24.Rxd4 Qxb2  1/2-1/2

[Event "Krasnodar op"]
[Site "Krasnodar"]
[Date "1996.??.??"]
[Round "4"]
[White "Poluljahov, Aleksandr"]
[Black "Kostenko, Igor"]
[Result "1-0"]
[WhiteElo "2480"]
[BlackElo "2285"]

1.Nf3 Nf6 2.d4 c5 3.d5 e6 4.c4 exd5 5.cxd5 d6 6.Nc3 g6 7.e4 Bg7 8.h3 O-O
9.Bd3 b5 10.O-O a6 11.Bf4 Re8 12.Re1 Ra7 13.a3 Rae7 14.Qd2 b4 15.axb4 cxb4
16.Na4 a5 17.Bg5 Nbd7 18.Qf4 Ne5 19.Bb5 Bd7 20.Nxe5 dxe5 21.Qh4 Bxb5 22.Bxf6 Bxf6
23.Qxf6 Rc7 24.Qb6 Bxa4 25.Rxa4 Rc2 26.Qxd8 Rxd8 27.b3 Rc3 28.Rxa5 Rxb3 29.Rc1 Rb2
30.Ra7 Re2 31.Rcc7 Rf8 32.d6 Rxe4 33.d7 Rd4 34.Rc8 Kg7 35.Raa8 Rxd7 36.Rxf8 Rd1+
37.Kh2 Rd2 38.f3 b3  1-0

[Event "SWE-chJ"]
[Site "Linkoping"]
[Date "1996.??.??"]
[Round "?"]
[White "Livner, Anders"]
[Black "Landgren, Andreas"]
[Result "1-0"]
[WhiteElo "2080"]
[BlackElo "2075"]

1.d4 Nf6 2.Nf3 e6 3.c4 c5 4.d5 exd5 5.cxd5 d6 6.Nc3 g6 7.Nd2 Bg7 8.Nc4 O-O
9.Bf4 Na6 10.Bxd6 Re8 11.e3 Ne4 12.Nxe4 Rxe4 13.Bg3 b5 14.Nd6 Rb4 15.Be2 Bxb2
16.O-O c4 17.e4 Qf6 18.Rb1 Bd7 19.Kh1 Be5 20.Rxb4 Nxb4 21.Nxf7 Kxf7 22.f4 Bb2
23.e5 Qa6 24.e6+ Kg7 25.f5 Bf6 26.fxg6 hxg6 27.Rxf6 Be8 28.Qd4 Kh7 29.Rf8  1-0